| 000 | 00944cad a22002055a 4500 | ||
|---|---|---|---|
| 001 | L153503 | ||
| 008 | 111005s20110929xxk f 000 0 eng d | ||
| 035 | _a(Sirsi) u153503 | ||
| 041 | 0 | _aeng | |
| 110 | 2 |
_aNationwide Building Society _91019 |
|
| 245 | 0 | 0 |
_aNationwide house price index _bQ3 2011 _h[electronic resource] |
| 260 | _c2011 | ||
| 490 | 0 |
_aNationwide House Price Index _vThird Quarter 2011 |
|
| 520 | _aUnited Kingdom house prices fell by 0.1% quarter on quarter. Average prices were down year-on-year in 8 out of 13 regions in Q3. Outer Metropolitan region sees strongest growth in the quarter and also over the past 12 months. Northern Ireland remained the weakest region on an annual basis | ||
| 590 | _aKA | ||
| 651 | 4 |
_aUnited Kingdom _y |
|
| 690 | _aPROPERTY-RESIDENTIAL PROPERTY | ||
| 856 | 4 | 8 |
_uhttps://www.nationwide.co.uk/hpi/historical/Q3_2011.pdf _zView this item free of charge at www.nationwide.co.uk |
| 942 | _n0 | ||
| 999 |
_c112558 _d112558 |
||